Catálogo

Wojtyla : (Registro nro. 56631)

Detalles MARC
000 -LEADER
fixed length control field 01255cam a2200337 i 4500
001 - CONTROL NUMBER
control field 56631
003 - CONTROL NUMBER IDENTIFIER
control field Mx-PuUPA
005 - DATE AND TIME OF LATEST TRANSACTION
control field 20250312153208.0
008 - FIXED-LENGTH DATA ELEMENTS--GENERAL INFORMATION
fixed length control field 140415s1984 mx gr 001 0 spa d
040 ## - CATALOGING SOURCE
Transcribing agency Mx-PuUPA
Original cataloging agency Mx-PuUPA
Language of cataloging spa
Modifying agency Mx-PuUPA
Description conventions rda
041 1# - LANGUAGE CODE
Language code of text/sound track or separate title spa
Language code of original und
100 1# - MAIN ENTRY--PERSONAL NAME
Personal name Krims, Adalbert,
9 (RLIN) 16703
Relator term autor
245 10 - TITLE STATEMENT
Title Wojtyla :
Remainder of title programa y política del papa /
Statement of responsibility, etc. Adalbert Krims, autor ; María Isabel Escudero, traductor
264 #1 - PRODUCTION, PUBLICATION, DISTRIBUTION, MANUFACTURE, AND COPYRIGHT NOTICE
Place of production, publication, distribution, manufacture México, D. F. :
Name of producer, publisher, distributor, manufacturer Sociedad cooperativa Publicaciones Mexicanas,
Date of production, publication, distribution, manufacture, or copyright notice [1984?]
300 ## - PHYSICAL DESCRIPTION
Extent 221 páginas ;
Dimensions 20 cm +
Accompanying material 1 hoja sin numerar
336 ## - CONTENT TYPE
Fuente rdacontent
Content type term texto
Content type code txt
337 ## - MEDIA TYPE
Source rdamedia
Media type term sin medio
Media type code n
338 ## - CARRIER TYPE
Source rdacarrier
Carrier type term volumen
Carrier type code nc
490 0# - SERIES STATEMENT
Series statement El día
Volume/sequential designation 10
600 04 - SUBJECT ADDED ENTRY--PERSONAL NAME
Personal name Juan Pablo II
Titles and other words associated with a name Papa
General subdivision Programas
Chronological subdivision 1920-2005
650 #7 - SUBJECT ADDED ENTRY--TOPICAL TERM
Source of heading or term armarc
9 (RLIN) 13986
Topical term or geographic name entry element Iglesia Católica
General subdivision Evangelización
650 #7 - SUBJECT ADDED ENTRY--TOPICAL TERM
Source of heading or term armarc
Topical term or geographic name entry element Iglesia Católica
General subdivision Papa (1978: Juan Pablo II)
650 #7 - SUBJECT ADDED ENTRY--TOPICAL TERM
Source of heading or term armarc
Topical term or geographic name entry element Pastoral
650 #7 - SUBJECT ADDED ENTRY--TOPICAL TERM
Source of heading or term armarc
Topical term or geographic name entry element Religión
700 1# - ADDED ENTRY--PERSONAL NAME
Personal name Escudero, María Isabel,
Relator term traductor
942 ## - ADDED ENTRY ELEMENTS (KOHA)
Source of classification or shelving scheme Dewey Decimal Classification
Koha item type Libro
Classification part 266.2092
Item part K9218
Existencias
Withdrawn status Lost status Source of classification or shelving scheme Damaged status Not for loan Collection code Home library Current library Shelving location Date acquired Source of acquisition Cost, normal purchase price Total Checkouts Full call number Barcode Date last seen Cost, replacement price Price effective from Koha item type
    Dewey Decimal Classification   Consulta en sala Karol Wojtyla Biblioteca Karol Wojtyla Biblioteca Karol Wojtyla Sala "Colecciones Especiales" 03/12/2013 Donación 0.00   266.2092 K9218 1984 46391 19/03/2026 0.00 03/12/2013 Libro